| 000 | 00365nam a2200145Ia 4500 | ||
|---|---|---|---|
| 008 | 230917s9999||||xx |||||||||||||| ||und|| | ||
| 040 |
_e162031 _aMAIN |
||
| 041 | _aEnglish | ||
| 082 | _a510.2462 R18A | ||
| 100 | _aRao, H S Govinda | ||
| 245 | 0 | _aAdvanced engineering mathematics | |
| 260 |
_aNew Delhi _bViva Books _c2009 |
||
| 300 | _aix, 490 p. | ||
| 942 | _cBK | ||
| 999 |
_c143096 _d143096 |
||